Big Brother 19 Cast (US) - Statistics

General Stats
  • This quiz has been taken 102 times
  • The average score is 15 of 17
Answer Stats
Houseguest % Correct
Paul
99%
Cody
97%
Jessica
95%
Josh
95%
Mark
92%
Christmas
91%
Alex
88%
Elena
88%
Kevin
88%
Raven
88%
Matthew
84%
Cameron
83%
Jason
83%
Jillian
75%
Ramses
75%
Megan
71%
Dominique
68%
No matching quizzes found
Score Distribution
Percent of People with Each Score
Percentile by Number Answered
Your Score History
You have not taken this quiz